000 00349nam a2200157Ia 4500
005 20250425161501.0
008 250425s9999 xx 000 0 und d
041 _aspa
082 _aIBM4381
245 0 _aPRINCIPIOS BASICOS DE QUIMICA
250 _aS.E.
260 _aS.L.
260 _aSin Pais
_bREVE
_c1969
942 _c01
010 _a21353
999 _c210185
_d210185